Fish diseases

שמור ב:
מידע ביבליוגרפי
מחבר ראשי: Schäperclaus, Wilhelm (Author)
פורמט: ספר
שפה:אנגלית
יצא לאור: Rotterdam A.A. Balkema 1992
מהדורה:5a. ed
נושאים:
תגים: הוספת תג
אין תגיות, היה/י הראשונ/ה לתייג את הרשומה!

MARC

LEADER 00000cam a2200000 a 4500
001 UCK6306
003 CL-VaPUC
008 050916e19920000NE |||||||||||||||||eng|d
020 |a 9061919509 
020 |a 9061919517v.1 
020 |a 9061919525v.2 
082 0 4 |a 597  |b SCH  |2 21 
100 0 |a Schäperclaus, Wilhelm  |e author  |9 495444 
245 1 0 |a Fish diseases 
250 |a 5a. ed 
300 |a 2 v 
942 |c BK 
945 |d 20050916 00:00:00  |a jcarroza 
260 |a Rotterdam  |b A.A. Balkema  |c 1992 
650 7 |a ENFERMEDADES DE LOS PECES  |2 CL-VaPUC  |9 259987 
650 0 |a Patología veterinaria  |9 261175 
650 7 |a PECES  |2 CL-VaPUC  |9 495445 
650 0 |a Bacteriología  |9 259330 
583 |a last modification  |c 20111003 07:48:40  |k Rodrigo Vera 
999 |c 314604  |d 314602 
952 |0 0  |1 0  |4 0  |6 597_000000000000000_SCH_1992  |7 0  |8 CCM  |9 387130  |a BIBCUR  |b BIBCUR  |d 2019-11-22  |h v.1  |i 4165977  |o 597 SCH 1992  |p 4165977  |r 2025-04-22  |w 2019-11-22  |y BK  |k CIM 
952 |0 0  |1 0  |4 0  |6 597_000000000000000_SCH_1992  |7 0  |8 CCM  |9 387131  |a BIBCUR  |b BIBCUR  |d 2019-11-22  |h v.2  |i 4165985  |l 1  |o 597 SCH 1992  |p 4165985  |r 2025-04-22  |s 2022-05-25  |w 2019-11-22  |y BK  |k CIM